| 000 | 00578nam a22001817a 4500 | ||
|---|---|---|---|
| 999 |
_c171494 _d171494 |
||
| 005 | 20200114152258.0 | ||
| 010 | _aB-208793 | ||
| 020 | _c225.00 | ||
| 035 | _aB-208793 | ||
| 037 | _bBPPD/Pub. | ||
| 082 | _a840.8 | ||
| 100 | _aکلیم احمد عاجز | ||
| 245 |
_aمیری زبان میرا قلم (حصہ اول) / _cکلیم احمد عاجز |
||
| 246 |
_aMeri Zuban Mera Kalam (Urdu) / _bby Kaleem Ahmed Aajzi |
||
| 260 |
_aPatna _bKhuda Baksh Oriental Public Library _c2005 ء |
||
| 300 |
_a385p. _c22cm(Hb) |
||
| 942 |
_2ddc _cUR _h840.8 _mک ل ی |
||